| 000 | 00579cam a2200217ua 4500 | ||
|---|---|---|---|
| 001 | 66 | ||
| 008 | 110315n ii |||gr||||Z||||||eng | ||
| 020 | _a81-7808-551-8 | ||
| 040 | _cMAIN | ||
| 082 | _a004 | ||
| 245 |
_aInformation Technology Inside And Outside. _cBy David Cyganski. |
||
| 250 | _a1st. | ||
| 260 |
_aDelhi.: _bPearson Education India., _c2002. |
||
| 300 |
_axxiv, 338 p.: _bill.; _c22 cm. |
||
| 653 | _aComputer Science. | ||
| 653 | _aInformation Technology. | ||
| 700 | 1 | _aCyganski, David., | |
| 700 | 0 | _aOrr, John A., | |
| 700 | 0 | _aVaz, Richard F., | |
| 942 | _cBK | ||
| 999 |
_c57 _d57 |
||